titres des chansons de taylor swift comprenant des prénoms - Statistiques

Statistiques générales
  • Ce quiz a été pris 23 fois
  • Le résultat moyen est 11 sur 17
Statistiques - réponses
Hint Réponse % Correct
🤍 peter
90%
🤍 robin
85%
🤍 clara bow
80%
💜 dear john
80%
🤎 dorothea
80%
🤎 marjorie
80%
💛 hey stephen
75%
🤍 chloe or sam or sophia or marcus
70%
💚 tim mcgraw
70%
💜 when emma falls in love
70%
🤍 cassandra
65%
💚 mary's song
65%
🤎 ivy
60%
💓 ronan
60%
🤍 thanK you aIMee
55%
🤎 willow
35%
carolina
20%
Aucun quiz correspondant
Distribution des résultats
% des personnes avec chaque résultat
Percentile par nombre de réponses
Votre historique - résultats
Vous n’avez pas pris ce quiz